Statistiche per Elenca la formazione - Quiz n°292

Clicka qui per fare il quiz!

Statistiche generali

  • Questo quiz è stato fatto 4 volte
  • Il punteggio medio è 6 su 11

Statistiche sulle risposte

RuoloClub dell'epocaCalciatore% Corretto
DifensoreManchester CityKyle Walker
100%
AttaccanteTottenhamHarry Kane
75%
DifensoreLeicester CityHarry Maguire
75%
PortiereEvertonJordan Pickford
75%
AttaccanteManchester CityRaheem Sterling
75%
DifensoreManchester CityJohn Stones
50%
MedianoLiverpoolJordan Henderson
50%
CentrocampistaTottenhamDele Alli
25%
CentrocampistaTottenhamKieran Trippier
25%
CentrocampistaManchester UnitedAshley Young
0%
CentrocampistaManchester UnitedJesse Lingard
0%

Distribuzione punteggi

Percentile per numero di risposta

Percentuale di utenti per punteggio

I tuoi punteggi nel tempo

Non hai fatto questo quiz